| 000 | 00515nam a2200157 a 4500 | ||
|---|---|---|---|
| 001 | 000028093 | ||
| 005 | 20200930031337.0 | ||
| 008 | 110406s1987 dr 000 0 spa d | ||
| 040 |
_aDO-SdBNP _bspa _cBNPHU |
||
| 100 | 1 |
_aPacheco, Juan Rafael _936879 |
|
| 245 | 1 | 0 |
_aPadre Luis Quinn : _bsemblanza de su filantropía / _cJuan Rafael Pacheco. |
| 260 |
_aSanto Domingo: _aCENAPEC, _c1987. |
||
| 300 |
_a13 p. ; _c21 cm. |
||
| 586 | _aConsejo nacional del premio APEC de Filantropía Dr. Heriberto Piter | ||
| 049 | _aBNPD | ||
| 999 |
_c27585 _d27585 |
||